Mala Yerba / Esa sangre
Del escritor mexicano Mariano Azuela, publicada en la época en que la opresión militar a cargo de Porfirio Díaz cayó. Esta novela representa la situación de maltrato, injusticias y horrores que viven las personas trabajadoras del campo por parte de los poderosos hacendados, malas hierbas que perdura...
Uloženo v:
| Hlavní autor: | |
|---|---|
| Médium: | Kniha |
| Jazyk: | Undetermined |
| Vydáno: |
México, Distrito Federal
Fondo de Cultura Económica
1992
|
| Vydání: | 2 |
| Témata: | |
| Tagy: |
Přidat tag
Žádné tagy, Buďte první, kdo vytvoří štítek k tomuto záznamu!
|
MARC
| LEADER | 00000nam a2200000Ia 4500 | ||
|---|---|---|---|
| 008 | 170316s9999 xx 000 0 und d | ||
| 040 | |a cru BVZT | ||
| 090 | |a 860 A-44m | ||
| 100 | |a Azuela, Mariano |9 1330 | ||
| 245 | |a Mala Yerba / Esa sangre | ||
| 250 | |a 2 | ||
| 260 | |a México, Distrito Federal | ||
| 260 | |b Fondo de Cultura Económica | ||
| 260 | |c 1992 | ||
| 300 | |a 226 páginas | ||
| 520 | |a Del escritor mexicano Mariano Azuela, publicada en la época en que la opresión militar a cargo de Porfirio Díaz cayó. Esta novela representa la situación de maltrato, injusticias y horrores que viven las personas trabajadoras del campo por parte de los poderosos hacendados, malas hierbas que perduran a pesar de las barbaridades cometidas con las que consideran clases sociales más bajas. | ||
| 650 | |a LITERATURA LATINOAMERICANA |9 15 | ||
| 999 | |c 8361 |d 8361 | ||
| 942 | |c 15 D |h 860 A-44m |2 z | ||
